Stade Rennais FC Squad 2021-2022 - Statistics

General Stats
  • This quiz has been taken 7 times
  • The average score is 15 of 28
Answer Stats
# Position Nation Player % Correct
11 FW Belgium Jérémy Doku
86%
16 GK Senegal Alfred Gomis
71%
8 MF France Baptiste Santamaria
71%
14 MF France Benjamin Bourigeaud
71%
25 DF Norway Birger Meling
71%
27 DF Mali Hamari Traoré
71%
10 FW Ghana Kamaldeen Sulemana
71%
22 DF France Lorenz Assignon
71%
21 MF Croatia Lovro Majer
71%
7 FW France Martin Terrier
71%
6 DF Morocco Nayef Aguerd
71%
9 FW Guinea Serhou Guirassy
71%
3 DF France Adrien Truffert
57%
40 GK Turkey Doğan Alemdar
57%
20 MF France Flavien Tait
57%
1 GK France Romain Salin
57%
23 DF France Warmed Omari
57%
- Coach France Bruno Génésio
43%
24 FW France Gaëtan Laborde
43%
26 MF France Lesley Ugochukwu
43%
4 DF France Loïc Badé
43%
18 FW France Matthis Abline
43%
19 MF France Andy Diouf
29%
31 DF France Jérémy Gélin
29%
28 MF France Jonas Martin
29%
17 FW France Loum Tchaouna
29%
39 FW France Mathys Tel
29%
30 GK DR Congo Pépé Bonet
29%
No matching quizzes found
Score Distribution
Percent of People with Each Score
Percentile by Number Answered
Your Score History
You have not taken this quiz